01195nam a2200193Ia 4500001001000000003001000010008004100020040002500061041001300086100003200099245010600131250001100237260007100248300001200319500026600331501011400597520026600711650002400977L230-5671IT-CnALBA170116s9999||||xx |||||||||||||| ||und|| aIT-CnALBAcIT-CnALBA aITALIANO aFANFANI P. J. LUDOVICO, OP. 0aTEOLOGIA PER TUTTI SECONDO LA DOTTRINA DI S. TOMMASO. VOL. II. GESÙ CRISTO. LA MADONNA. LA GRAZIA.  a3a ed. aROMAbSALES EDITRICE UN. DON. AZ. CATT. ROMAc1954 [1° Ed.: n.d.] a430 p.  aDONO DI D. MANFREDI ENZO SSP. GESÙ CRISTO. INCARNAZIONE. EVENTO DEL MISTERO. NATURA UMANA E DIVINA IN CRISTO. SCIENZA LIBERTÀ GRAZIA. OBBEDIENZA DI CRISTO. CORPO DI CRISTO. CULTO A GESÙ CRISTO. MORTE PASSIONE RISURREZIONE ASCENSIONE DI CRISTO. DEVOZIONE A aSocietà San Paolo EM - Piazza San Paolo, 14 - 12051 ALBA (CN) (non commercial uses only) ® Copyright 2017 aDONO DI D. MANFREDI ENZO SSP. GESÙ CRISTO. INCARNAZIONE. EVENTO DEL MISTERO. NATURA UMANA E DIVINA IN CRISTO. SCIENZA LIBERTÀ GRAZIA. OBBEDIENZA DI CRISTO. CORPO DI CRISTO. CULTO A GESÙ CRISTO. MORTE PASSIONE RISURREZIONE ASCENSIONE DI CRISTO. DEVOZIONE A aDOGMATICA CRISTIANA